| 000 | 00697nam a2200193 a 4500 | ||
|---|---|---|---|
| 082 | 0 | 0 |
_a624.1762 _bMET |
| 245 | 0 | 0 |
_aMete A. Sozen symposium : _ba tribute from his students / _ceditors, James K. Wight, Michael E. Kreger. |
| 260 |
_aFarmington Hills, Mich. : _bAmerican Concrete Institute, _cc1996. |
||
| 300 |
_avi, 460 p. : _bill. ; _c23 cm. |
||
| 500 | _a"SP-162." | ||
| 526 |
_a0 _b0 _c0 _d624_176200000000000_MET |
||
| 650 | 0 |
_aMCE _9379 |
|
| 650 | 0 |
_aReinforced concrete construction _xCongresses. _941059 |
|
| 700 | 1 |
_aKreger, Michael E. _946608 |
|
| 700 | 1 |
_aSozen, Mete Avni, _946609 |
|
| 700 | 1 |
_aWight, James K. _918384 |
|
| 710 | 2 |
_aAmerican Concrete Institute. _937057 |
|
| 942 |
_2ddc _cBK |
||
| 999 |
_c549906 _d549906 |
||